| 000 | 01106cam a22003014a 4500 | ||
|---|---|---|---|
| 001 | 14684109 | ||
| 003 | OSt | ||
| 005 | 20140310181722.0 | ||
| 008 | 070103s2006 maua b 000 0 eng | ||
| 010 | _a 2006034446 | ||
| 020 | _a9781422103470 (pbk. : alk. paper) | ||
| 020 | _a1422103471 | ||
| 040 |
_aDLC _cDLC _dDLC |
||
| 050 | 0 | 0 |
_aHF 5549.5 _b.C652 2006 |
| 082 | 0 | 0 |
_aIB 658.4 _2 P75c 2006 |
| 245 | 1 | 0 |
_aCoaching people : _bexpert solutions to everyday challenges. / |
| 260 |
_aBoston, Mass. : _bHarvard Business School Press, _cc2006. |
||
| 300 |
_axi, 69 p. : _bill. ; _c18 cm. |
||
| 490 | 0 | _aPocket mentor series | |
| 650 | 0 |
_aEmployees _xCoaching of. |
|
| 650 | 0 | _aMentoring in business. | |
| 710 | 2 | _aHarvard Business School Publishing Corporation. | |
| 856 | 4 | 1 |
_3Table of contents only _uhttp://www.loc.gov/catdir/toc/ecip077/2006034446.html |
| 906 |
_a7 _bcbc _corignew _d1 _eecip _f20 _gy-gencatlg |
||
| 942 |
_2lcc _cBK |
||
| 999 |
_c2042 _d2042 |
||